• 首页
  • 本馆介绍
  • 公告通知
  • 最新文献
  • 馆藏检索
  • 电子资源
  • 读者导购
  • 参考咨询
  • 我的图书馆
  • 登录
  • 详细信息显示
  • 放入我的书架
  • 预约/预借图书
  • 作者相关作品
  • 分类相关作品
  • 丛书相关作品
  • 出版社相关作品

书目信息

  • 表格格式
  • 工作单格式
  • 卡片格式
题名:
燃煤烟气非碳基吸附剂脱汞原理
    
 
作者: 张军营 著
分册:  
出版信息: 北京   科学出版社  2020.9
页数: 12,541页
开本: 24cm
丛书名:
单 册:
中图分类: X701.7
科图分类:
主题词: 煤烟污染--汞--废气治理--研究
电子资源:
ISBN: 978-7-03-064266-0
000 01026nam0 2200241 45
001 012001001792
005 20140912133357.0
010    @a978-7-03-064266-0@b精装@dCNY268.00
100    @a20201119d2020 em y0chiy50 ea
101 0  @achi
102    @aCN@b110000
105    @aa z 000yy
106    @ar
200 1  @a燃煤烟气非碳基吸附剂脱汞原理@Aran mei yan qi fei tan ji xi fu ji tuo gong yuan li@b专著@f张军营[等]著
210    @a北京@c科学出版社@d2020.9
215    @a12,541页@c图@d24cm
304    @a著者还有:赵永椿、刘晶、李海龙、杨建平
330    @a本书论述燃煤烟气中汞的多相氧化反应动力学,阐明SCR脱硝催化剂对汞的非均相催化氧化机理,揭示湿法脱硫系统中汞的再释放及控制机制,介绍系列廉价高效的非碳基脱汞吸附剂,并揭示汞的氧化和吸附机制,提出光催化烟气脱汞技术,开发新型的光催化脱汞材料及反应器,阐明超低排放燃煤电厂汞的迁移转化和排放行为。
606 0  @a煤烟污染@x汞@x废气治理@x研究
690    @aX701.7@v5
701  0 @a张军营@Azhang jun ying@4著
801  0 @aCN@bBJSDL@c20211011
905    @b1337233-5@dX701.7@e350@f3
    
    燃煤烟气非碳基吸附剂脱汞原理/张军营[等]著.-北京:科学出版社,2020.9
    12,541页:图;24cm
    
    
    ISBN 978-7-03-064266-0(精装):CNY268.00
    本书论述燃煤烟气中汞的多相氧化反应动力学,阐明SCR脱硝催化剂对汞的非均相催化氧化机理,揭示湿法脱硫系统中汞的再释放及控制机制,介绍系列廉价高效的非碳基脱汞吸附剂,并揭示汞的氧化和吸附机制,提出光催化烟气脱汞技术,开发新型的光催化脱汞材料及反应器,阐明超低排放燃煤电厂汞的迁移转化和排放行为。
●
相关链接 在E读中查询图书 在五车中查询图书 在当当中查询图书 在豆瓣中查询图书


正题名:燃煤烟气非碳基吸附剂脱汞原理     索取号:X701.7/350         预约/预借

序号 登录号 条形码 馆藏地/架位号 状态 备注
1 1337233   213372330   第二样本阅览室/ [索取号:X701.7/350] 在馆    
2 1337234   213372349   第三借阅区/ [索取号:X701.7/350] 在馆    
3 1337235   213372358   第三借阅区/ [索取号:X701.7/350] 在馆    
唐山师范学院图书馆 欢迎您!
大连网信软件有限公司© 版权所有